Falling Up (English Version) - Stray Kids - All Lyrics - Statistics

General Stats
  • This quiz has been taken 104 times
  • The average score is 236 of 373
Answer Stats
Answer % Correct
I
97%
up
97%
up,
97%
up)
97%
a
95%
falling
95%
falling?
95%
(Falling
95%
I'm
86%
am,
83%
the
80%
my
75%
My
75%
Go
73%
no
73%
(Yeah)
69%
Yeah,
69%
yeah,
69%
yeah
69%
and
68%
And
68%
can
68%
cannot
68%
me
68%
day
66%
way,
66%
way
66%
can't
64%
every
64%
feel
63%
it
63%
to
63%
walking
63%
When
63%
when
63%
again
61%
again,
61%
closer
61%
is,
61%
so
61%
So
61%
steep
61%
step
61%
you
61%
pain
59%
in
58%
not
58%
where
58%
know
56%
stay
56%
stop
56%
will
56%
ahead,
54%
Don't
54%
don't
54%
got
54%
slowly
54%
taking
54%
this
53%
climbing
51%
gonna
51%
Gonna
51%
lonely,
51%
top
51%
as
49%
on
49%
get
47%
outta
47%
all,
46%
all
46%
end
46%
head
46%
like
46%
slump
46%
but
44%
But
44%
off
44%
that,
44%
about
42%
back
42%
blood,
42%
flower
42%
keep
42%
Push
42%
sweat
42%
tears,
42%
dream
41%
going
41%
It's
41%
it's
41%
its
41%
look
41%
think
41%
down,
39%
getting
39%
give
39%
fighting
37%
louder
37%
shed
37%
through
37%
giving
36%
stronger
34%
withering
34%
broken,
32%
care
32%
fast
32%
never
32%
rain,
32%
track
32%
follow
31%
keeps
31%
long
31%
from
29%
highway,
29%
leaves
29%
that's
29%
just
27%
night
27%
pouring
27%
shadow
27%
temporary,
27%
almost
25%
at
25%
behind
25%
black
25%
change,
25%
faded
25%
higher,
25%
I'll
25%
light
25%
only
25%
cliffhanger
24%
direction,
24%
fire
24%
integrity
24%
need
24%
tree
24%
Fate
22%
tap
22%
taste
22%
dark
20%
slip
20%
take
20%
winter
20%
fighter
19%
hiding
19%
inside
19%
now
19%
changes
17%
inner
17%
intervenes
17%
than
17%
waiting
17%
everything,
15%
grow
15%
spark,
15%
tiny
15%
what's
15%
brighter
14%
unleash
12%
turned
8%
No matching quizzes found
Score Distribution
Percent of People with Each Score
Percentile by Number Answered
Your Score History
You have not taken this quiz